000 00571nam a22002177a 4500
001 001015
003 DO-SdBNP
005 20171213103152.0
007 001015
008 160810b 1999 gt||||| |||| 00| 0 spa d
020 _a97899922420
040 _aBPMSU
_bspa
_cBPMSU
092 _axxxxxxxx
_bxxxxxxxx
100 1 _aOliva, Roberto
245 1 _aAjusticiado /
_cRoberto Oliva
260 _aGuatemala :
_bNueva Narrativa,
_c1999.
300 _a147 p. :
_c18 cm.
942 _2ddc
_cBK
945 _ainventariado extranjero / DG
956 _aBTAVÁREZ
_b10
_c20161008
_d001017
999 _c11146
_d11146